000 00471nam a2200169Ia 4500
005 20250326143730.0
008 250326s9999 xx 000 0 und d
037 _aTextbook
040 _aFMSL
_beng
_cFMSL
041 _aeng
_2eng
084 _aKSNI P4
_qFMSL
100 _aClements P
_913159
245 0 _aDiversity training handbook
_cClements P
260 _aNew Delhi
_bNew Delhi, Kogan page
_c2004
942 _cTB
_hKSNI P4
999 _c1300783
_d1300783